Technostres

Postupné prenikanie informačných technológií a internetu do všetkých oblastí života a podnikania viedlo v 90-tych rokoch minulého storočia k objaveniu sa nového fenoménu nazvaného technostres. Nové technológie, technostres a zdravie zamestnancov. Komponenty technostresu. Výskum technostresu. Potreba...

Descripción completa

Guardado en:
Detalles Bibliográficos
Autor principal: Retová, Janette
Formato: Capítulo de libro
Lenguaje:eslovaco
Materias:
Etiquetas: Agregar Etiqueta
Sin Etiquetas, Sea el primero en etiquetar este registro!

MARC

LEADER 00000naa$a2200000$$$4500
001 0048148
005 20240711093020.8
041 0 |a slo 
044 |a SK 
245 1 0 |a Technostres 
520 |a Postupné prenikanie informačných technológií a internetu do všetkých oblastí života a podnikania viedlo v 90-tych rokoch minulého storočia k objaveniu sa nového fenoménu nazvaného technostres. Nové technológie, technostres a zdravie zamestnancov. Komponenty technostresu. Výskum technostresu. Potreba adaptácie. Prevencia a opatrenia na zmiernenie technostresu. 
610 2 0 |a stresy 
610 2 0 |a technológie informačné 
610 2 0 |a technológie nové 
610 2 0 |a internet 
610 2 0 |a zamestnanci 
610 2 0 |a zdravie 
610 2 0 |a adaptácia 
610 2 0 |a prevencia 
100 1 |a Retová, Janette